Canon sociológico
সংরক্ষণ করুন:
| প্রধান লেখক: | |
|---|---|
| বিন্যাস: | গ্রন্থ |
| ভাষা: | স্প্যানিশ |
| প্রকাশিত: |
Madrid
Tecnos
2003
|
| বিষয়গুলি: | |
| ট্যাগগুলো: |
ট্যাগ যুক্ত করুন
কোনো ট্যাগ নেই, প্রথমজন হিসাবে ট্যাগ করুন!
|
MARC
| LEADER | 00000nam a2200000 a 4500 | ||
|---|---|---|---|
| 001 | UCJ0859 | ||
| 003 | CL-VaPUC | ||
| 008 | 060908e20030000SP |||||||||||||||||spa|d | ||
| 020 | |a 8430940219 | ||
| 082 | 0 | 4 | |a 320.01 |b COL |2 21 |
| 100 | 0 | |a Coller, Xavier |e author |9 501274 | |
| 245 | 1 | 0 | |a Canon sociológico |
| 300 | |a 334 p | ||
| 942 | |c BK | ||
| 945 | |d 20060908 00:00:00 |a jtorresc | ||
| 260 | |a Madrid |b Tecnos |c 2003 | ||
| 650 | 0 | |a Sociología política |9 255920 | |
| 650 | 0 | |a Sociología del conocimiento |9 308651 | |
| 583 | |a last modification |c 20140409 03:09:50 |k Rodrigo Vera | ||
| 999 | |c 317611 |d 317609 | ||
| 952 | |0 0 |1 0 |4 0 |6 320_010000000000000_COL_2003 |7 0 |8 A |9 394190 |a BIBGIM |b BIBGIM |d 2019-11-22 |i 4266838 |o 320.01 COL 2003 |p 4266838 |r 2025-01-15 |w 2019-11-22 |y BK |k SSL | ||